| 000 | 00484nam a2200169Ia 4500 | ||
|---|---|---|---|
| 003 | IN-BaIIA | ||
| 008 | 211028s9999 xx 000 0 eng d | ||
| 040 | _cIIA Library | ||
| 080 |
_a52 _bLOW |
||
| 100 | _aLowell, Percival | ||
| 245 | 4 |
_aThe evolution of worlds _cPercival Lowell |
|
| 260 |
_aNew York _bMacmillan _c1910 |
||
| 300 | _axiii, 262p. | ||
| 650 |
_aAstronomy _980 |
||
| 650 | _aAstronomy and astrophysics thesaurus | ||
| 942 | _cBK | ||
| 999 |
_c1073 _d1073 |
||